LIBRARY & INFORMATION CENTRE, KCAET, TAVANUR

ONLINE PUBLIC ACCESS CATALOGUE (OPAC)

Efficiency improvement of an axial flow propeller pump installed at Kudumpattupadam kole padavu, Thrissur (Record no. 15036)

MARC details
000 -LEADER
fixed length control field 00796nam a22001817a 4500
003 - CONTROL NUMBER IDENTIFIER
control field OSt
088 ## - REPORT NUMBER
Report number P 277
100 ## - MAIN ENTRY--AUTHOR NAME
Personal name AYISHA MANGAT
-- NITHIN J. G
-- SARANYA R. NATH
245 ## - TITLE STATEMENT
Title Efficiency improvement of an axial flow propeller pump installed at Kudumpattupadam kole padavu, Thrissur
260 ## - PUBLICATION, DISTRIBUTION, ETC. (IMPRINT)
Place of publication Tavanur 2014
Name of publisher Department of Farm Power Machinery and Energy
300 ## - PHYSICAL DESCRIPTION
Number of Pages 40
500 ## - GENERAL NOTE
General note Efficiency improvement of an axial flow propeller pump installed at Kudumpattupadam kole padavu, Thrissur
520 ## - SUMMARY, ETC.
Summary, etc Efficiency improvement of an axial flow propeller pump installed at Kudumpattupadam kole padavu, Thrissur
700 ## - ADDED ENTRY--PERSONAL NAME
Personal name Dr. Jayan P. R (Guide)
856 ## - ELECTRONIC LOCATION AND ACCESS
Uniform Resource Identifier https://drive.google.com/open?id=1hzYn8MmvuZSvg2t24ZXFxQhqRjPMQK_8
942 ## - ADDED ENTRY ELEMENTS (KOHA)
Koha item type Project Report
Holdings
Collection code Home library Current library Shelving location Full call number Accession Number Koha item type
Reference KAUAET KAUAET Reference 631.3 AYI/EF P 277 Project Report
free website counter